000 00291nam a22001337a 4500
008 181031b xxu||||| |||| 00| 0 eng d
020 _a9780534088385
041 _aeng
080 _a371
100 _a46
101 _aEDU
245 _aCritical Thinking
_cGrinols, .A. B
942 _2udc
_cBK
999 _c51336
_d51336